Airport IATA Code - Statistics

General Stats
  • This quiz has been taken 6 times
  • The average score is 62 of 485
Answer Stats
Airport Code % Correct
Algiers Houari Boumediene Airport ALG
80%
Boston Logan International Airport BOS
60%
Cairo International Airport CAI
60%
Fès–Saïs Airport FEZ
60%
Los Angeles International Airport LAX
60%
Orlando International Airport MCO
60%
San Francisco International Airport SFO
60%
El Arish International Airport AAC
40%
Abidjan Félix-Houphouët-Boigny International Airport ABJ
40%
Accra Kotoka International Airport ACC
40%
Addis Ababa Bole International Airport ADD
40%
Agadir–Al Massira Airport AGA
40%
Asmara International Airport ASM
40%
Aswan International Airport ASW
40%
Atlanta Hartsfield–Jackson Atlanta International Airport ATL
40%
Benghazi Benina International Airport BEN
40%
Bamako Modibo Keita International Airport BKO
40%
Nashville International Airport BNA
40%
Charleston International Airport CHS
40%
Cleveland Hopkins International Airport CLE
40%
Charlotte Douglas International Airport CLT
40%
Córdoba Ingeniero Aeronáutico Ambrosio L.V. Taravella International Airport COR
40%
Dar es Salaam Julius Nyerere International Airport DAR
40%
Washington, D.C. Ronald Reagan Washington National Airport DCA
40%
Denver International Airport DEN
40%
Dallas/Fort Worth International Airport DFW
40%
Detroit Metropolitan Airport DTW
40%
Durban King Shaka International Airport DUR
40%
El Paso International Airport ELP
40%
Newark Newark Liberty International Airport EWR
40%
Fort Lauderdale–Hollywood International Airport FLL
40%
Goma International Airport GOM
40%
Houston William P. Hobby Airport HOU
40%
Washington. D.C. Dulles International Airport IAD
40%
Houston George Bush Intercontinental Airport IAH
40%
Indianapolis International Airport IND
40%
Jacksonville International Airport JAX
40%
New York City John F. Kennedy International Airport JFK
40%
Juba International Airport JUB
40%
Kano Mallam Aminu Kano International Airport KAN
40%
Kingston Norman Manley International Airport KIN
40%
Las Vegas Harry Reid International Airport LAS
40%
New York City LaGuardia Airport LGA
40%
Lagos Murtala Muhammed International Airport LOS
40%
Luxor International Airport LXR
40%
Chicago Midway International Airport MDW
40%
Memphis International Airport MEM
40%
Miami International Airport MIA
40%
Minneapolis–Saint Paul International Airport MSP
40%
N'Djamena International Airport NDJ
40%
Chicago O'Hare International Airport ORD
40%
Oran Es Senia Airport ORN
40%
Thomas Sankara International Airport Ouagadougou OUA
40%
Portland International Airport PDX
40%
Philadelphia International Airport PHL
40%
Pittsburgh International Airport PIT
40%
Richmond International Airport RIC
40%
Greater Rochester International Airport ROC
40%
San Salvador El Salvador International Airport SAL
40%
Savannah/Hilton Head International Airport SAV
40%
San José Juan Santamaría International Airport SJO
40%
San Juan Luis Muñoz Marín International Airport SJU
40%
Tampico International Airport TAM
40%
Tangier Ibn Battouta Airport TNG
40%
San Miguel de Tucumán Teniente Benjamín Matienzo International Airport TUC
40%
Tulsa International Airport TUL
40%
Tunis–Carthage International Airport TUN
40%
Ushuaia – Malvinas Argentinas International Airport USH
40%
Dakhla Airport VIL
40%
Windhoek Hosea Kutako International Airport WDH
40%
Toronto Pearson International Airport YYZ
40%
Annaba Rabah Bitat Airport AAE
20%
Asaba International Airport ABB
20%
Albuquerque International Sunport ABQ
20%
Acapulco International Airport ACA
20%
Aguascalientes International Airport AGU
20%
Anchorage Ted Stevens Anchorage International Airport ANC
20%
Atar International Airport ATR
20%
Oranjestad Queen Beatrix International Airport AUA
20%
Austin–Bergstrom International Airport AUS
20%
Kasane Airport BBK
20%
Hamilton L.F. Wade International Airport BDA
20%
Bridgetown Grantley Adams International Airport BGI
20%
Birmingham–Shuttlesworth International Airport BHM
20%
Banjul International Airport BJL
20%
Bujumbura International Airport BJM
20%
Kralendijk, Bonaire Flamingo International Airport BON
20%
San Carlos de Bariloche Airport BRC
20%
Buffalo Niagara International Airport BUF
20%
Baltimore/Washington International Airport BWI
20%
Belize City Philip S. W. Goldson International Airport BZE
20%
Brazzaville Maya-Maya Airport BZV
20%
Columbia Metropolitan Airport CAE
20%
Casablanca Mohammed V International Airport CMN
20%
Cape Town International Airport CPT
20%
Culiacán International Airport CUL
20%
Cancún International Airport CUN
20%
Willemstad Curaçao International Airport CUR
20%
Chihuahua International Airport CUU
20%
Cincinnati/Northern Kentucky International Airport CVG
20%
Cozumel International Airport CZM
20%
Dayton International Airport DAY
20%
Durango International Airport DGO
20%
Antsiranana Arrachart Airport DIE
20%
Dire Dawa Airport DIR
20%
Djerba–Zarzis International Airport DJE
20%
Douala International Airport DLA
20%
Des Moines International Airport DSM
20%
Dakar Blaise Diagne International Airport DSS
20%
Dzaoudzi–Pamandzi International Airport DZA
20%
Entebbe International Airport EBB
20%
Enugu Akanu Ibiam International Airport ENU
20%
Buenos Aires Ministro Pistarini International Airport EZE
20%
Fort-de-France Martinique Aimé Césaire International Airport FDF
20%
Freetown Lungi International Airport FNA
20%
Flores Mundo Maya International Airport FRS
20%
El Calafate Comandante Armando Tola International Airport FTE
20%
Gaborone Sir Seretse Khama International Airport GBE
20%
Guadalajara Miguel Hidalgo y Costilla Guadalajara International Airport GDL
20%
Guatemala City La Aurora International Airport GUA
20%
Havana José Martí International Airport HAV
20%
Hargeisa Airport HGA
20%
Hermosillo International Airport HMO
20%
Honolulu Daniel K. Inouye International Airport HNL
20%
Harare Robert Gabriel Mugabe International Airport HRE
20%
Hurghada International Airport HRG
20%
Puerto Iguazú Cataratas del Iguazú International Airport IGR
20%
Inhambane Airport INH
20%
Hilo International Airport ITO
20%
Djibouti–Ambouli International Airport JIB
20%
Johannesburg O. R. Tambo International Airport JNB
20%
Kigali International Airport KGL
20%
Kisumu International Airport KIS
20%
Kumasi International Airport KMS
20%
Kailua-Kona International Airport KOA
20%
Khartoum International Airport KRT
20%
Luanda Quatro de Fevereiro Airport LAD
20%
Lubbock Preston Smith International Airport LBB
20%
Libreville Léon-Mba International Airport LBV
20%
Liberia Daniel Oduber Quirós International Airport LIR
20%
Little Rock Bill and Hillary Clinton National Airport LIT
20%
Lilongwe International Airport LLW
20%
La Paz El Alto International Airport LPB
20%
Lusaka Kenneth Kaunda International Airport LUN
20%
Livingstone Harry Mwanga Nkumbula International Airport LVI
20%
Midland International Air and Space Port MAF
20%
Mombasa Moi International Airport MBA
20%
Montego Bay Sangster International Airport MBJ
20%
Kansas City International Airport MCI
20%
Mendoza Governor Francisco Gabrielli International Airport MDZ
20%
Mexico City Mexico City International Airport MEX
20%
Milwaukee General Mitchell International Airport MKE
20%
Plaine Magnien Sir Seewoosagur Ramgoolam International Airport MRU
20%
New Orleans Louis Armstrong New Orleans International Airport MSA
20%
Monterrey International Airport MTY
20%
Mwanza Airport MWZ
20%
Mexicali International Airport MXL
20%
Mazatlán International Airport MZT
20%
Nassau Lynden Pindling International Airport NAS
20%
Nairobi Jomo Kenyatta International Airport NBO
20%
Nador International Airport NDR
20%
Nosy Be Fascene Airport NOS
20%
Oakland International Airport OAK
20%
Oaxaca International Airport OAX
20%
Oklahoma City Will Rogers World Airport OKC
20%
Omaha Eppley Airfield OMA
20%
Ontario International Airport ONT
20%
Oujda Angads Airport OUD
20%
Toussaint Louverture International Airport PAP
20%
Port Harcourt International Airport PHC
20%
Phoenix Sky Harbor International Airport PHX
20%
Pemba Airport POL
20%
Port of Spain Piarco International Airport POS
20%
Pointe-à-Pitre International Airport PTP
20%
Panama City Tocumen International Airport PTY
20%
Providence Rhode Island T. F. Green International Airport PVD
20%
Puerto Vallarta Licenciado Gustavo Díaz Ordaz International Airport PVR
20%
Querétaro Intercontinental Airport QRO
20%
Praia, Santiago Island Nelson Mandela International Airport RAI
20%
Marrakesh Menara Airport RAK
20%
Rabat–Salé Airport RBA
20%
Chicago Rockford International Airport RFD
20%
Termas de Río Hondo International Airport RHD
20%
Corn Island Airport RNI
20%
Reno–Tahoe International Airport RNO
20%
Rosario – Islas Malvinas International Airport ROS
20%
Saint-Denis Roland Garros Airport RUN
20%
Flat Point, Saba Juancho E. Yrausquin Airport SAB
20%
San Diego International Airport SAN
20%
San Antonio International Airport SAT
20%
Santiago de Cuba Antonio Maceo Airport SCU
20%
Santo Domingo Las Américas International Airport SDQ
20%
Seattle–Tacoma International Airport SEA
20%
Victoria Seychelles International Airport SEZ
20%
Sfax–Thyna International Airport SFA
20%
Orlando Sanford International Airport SFB
20%
Sal Island Amílcar Cabral International Airport SID
20%
Los Cabos International Airport SJD
20%
Sokoto Sadiq Abubakar III International Airport SKO
20%
Salta Martín Miguel de Güemes International Airport SLA
20%
Salt Lake City International Airport SLC
20%
San Luis Potosí International Airport SLP
20%
Orange County John Wayne Airport SNA
20%
Sharm El Sheikh International Airport SSH
20%
St. Louis Lambert International Airport STL
20%
Charlotte Amalie Cyril E. King Airport STT
20%
Christiansted Henry E. Rohlsen Airport STX
20%
Syracuse Hancock International Airport SYR
20%
Tobago A.N.R. Robinson International Airport TAB
20%
Tete Chingozi Airport TET
20%
Tanga Airport TGT
20%
Tijuana International Airport TIJ
20%
Tripoli International Airport TIP
20%
Toliara Airport TLE
20%
Tallahassee International Airport TLH
20%
Antananarivo Ivato International Airport TNR
20%
Tampa International Airport TPA
20%
Veracruz International Airport VER
20%
Victoria Falls Airport VFA
20%
Santa Cruz de la Sierra Viru Viru International Airport VVI
20%
Edmonton International Airport YEG
20%
Halifax Stanfield International Airport YHZ
20%
Ottawa Macdonald–Cartier International Airport YOW
20%
Québec City Jean Lesage International Airport YQB
20%
Saint John Airport YSJ
20%
Montréal–Trudeau International Airport YUL
20%
Vancouver International Airport YVR
20%
Winnipeg James Armstrong Richardson International Airport YWG
20%
Calgary International Airport YYC
20%
Abuja Nnamdi Azikiwe International Airport ABV
0%
Atlantic City International Airport ACY
0%
Buenos Aires Aeroparque Jorge Newbery AEP
0%
Akron Executive Airport AKC
0%
Albany International Airport ALB
0%
Saint Johns V. C. Bird International Airport ANU
0%
Nampula Airport APL
0%
Arusha Airport ARK
0%
Appleton International Airport ATW
0%
Asyut Assiut Airport ATZ
0%
Scranton Wilkes-Barre/Scranton International Airport AVP
0%
The Valley Clayton J. Lloyd International Airport AXA
0%
Phoenix–Mesa Gateway Airport AZA
0%
Samaná El Catey International Airport AZS
0%
Baudette International Airport BDE
0%
Hartford Bradley International Airport BDL
0%
Bluefields Airport BEF
0%
Beira Airport BEW
0%
Seattle King County International Airport BFI
0%
Bloemfontein Bram Fischer International Airport BFN
0%
Bangui M'Poko International Airport BGF
0%
Bangor International Airport BGR
0%
Galkayo Abdullahi Yusuf Airport BGY
0%
Béjaïa Soummam Airport BJA
0%
León Bajío International Airport BJX
0%
Panama City Panama Pacifico International Airport BLB
0%
Bellingham International Airport BLI
0%
Batna Airport BLJ
0%
Blantyre Chileka International Airport BLZ
0%
Bocas del Toro "Isla Colón" International Airport BOC
0%
Boise Airport BOI
0%
Bobo Dioulasso Airport BOY
0%
Aguadilla Rafael Hernández Airport BQN
0%
Brownsville South Padre Island International Airport BRO
0%
Barahona María Montez International Airport BRX
0%
Bosaso Airport BSA
0%
Oumache Biskra Airport BSK
0%
Bulawayo Joshua Mqabuko Nkomo International Airport BUQ
0%
Boa Vista Aristides Pereira International Airport BVC
0%
Cap-Haïtien International Airport CAP
0%
Cochabamba Jorge Wilstermann International Airport CBB
0%
Calabar Margaret Ekpo International Airport CBQ
0%
Cayo Coco Jardines del Rey Airport CCC
0%
Chub Cay International Airport CCZ
0%
Cienfuegos Jaime González Airport CFG
0%
Chlef International Airport CFK
0%
Canouan Airport CIW
0%
Conakry International Airport CKY
0%
Ciudad del Carmen International Airport CME
0%
Columbus John Glenn Columbus International Airport CMH
0%
Camagüey Ignacio Agramonte International Airport CMW
0%
Corrientes Doctor Fernando Piragine Niveyro International Airport CNQ
0%
Cotonou Cadjehoun Airport COO
0%
Comodoro Rivadavia General Enrique Mosconi International Airport CRD
0%
Corpus Christi International Airport CRP
0%
Calexico International Airport CXL
0%
Cayman Brac Charles Kirkconnell International Airport CYB
0%
Cayo Largo del Sur Vilo Acuña Airport CYO
0%
Constantine Mohamed Boudiaf International Airport CZL
0%
David, Chiriquí Enrique Malek International Airport DAV
0%
El Dabaa El Alamein International Airport DBB
0%
Duluth International Airport DLH
0%
Roseau Douglas–Charles Airport DOM
0%
Panama City Northwest Florida Beaches International Airport ECP
0%
Eldoret International Airport EDL
0%
Road Town Terrance B. Lettsome International Airport EIS
0%
North Eleuthera Airport ELH
0%
East London Airport ELS
0%
El Palomar Airport EPA
0%
Esquel Brigadier General Antonio Parodi International Airport EQS
0%
Erie International Airport Tom Ridge Field ERI
0%
Laayoune Hassan I Airport EUN
0%
Oranjestad, Sint Eustatius F. D. Roosevelt Airport EUX
0%
Key West International Airport EYW
0%
Fairbanks International Airport FAI
0%
Fresno Yosemite International Airport FAT
0%
Lubumbashi International Airport FBM
0%
Kinshasa N'djili Airport FIH
0%
Kisangani Bangoka International Airport FKI
0%
Formosa International Airport FMA
0%
Freeport Grand Bahama International Airport FPO
0%
Francistown International Airport FRW
0%
Saint-Pierre Airport FSP
0%
Tôlanaro Airport FTU
0%
Georgetown Owen Roberts International Airport GCM
0%
Spokane International Airport GEG
0%
Garowe Airport GGR
0%
Exuma International Airport GGT
0%
Jijel Ferhat Abbas Airport GJL
0%
Saint Georges Maurice Bishop International Airport GND
0%
Nuuk Airport GOH
0%
Gulfport-Biloxi International Airport GPT
0%
Green Bay–Austin Straubel International Airport GRB
0%
Grand Rapids Gerald R. Ford International Airport GRR
0%
Greensboro Piedmont Triad International Airport GSO
0%
Gary/Chicago International Airport GYY
0%
Moroni Prince Said Ibrahim International Airport HAH
0%
Alexandria Borg El Arab Airport HBE
0%
Johannesburg Lanseria International Airport HLA
0%
Saint Helena Airport HLE
0%
Sohag International Airport HMB
0%
Holguín Frank País Airport HOG
0%
Huntsville International Airport HSV
0%
Huatulco Bahías de Huatulco International Airport HUX
0%
Ho Airport HZO
0%
Niagara Falls International Airport IAG
0%
Wilmington International Airport ILM
0%
Falls International Airport INL
0%
Kissimmee Gateway Airport ISM
0%
Jackson–Medgar Wiley Evers International Airport JAN
0%
Ilulissat Airport JAV
0%
Juneau International Airport JNU
0%
Hai District Kilimanjaro International Airport JRO
0%
San Salvador de Jujuy Gobernador Horacio Guzmán International Airport JUJ
0%
Kismayo Airport KMU
0%
Ketchikan International Airport KTN
0%
Lakeland Linder International Airport LAL
0%
Lansing Capital Region International Airport LAN
0%
La Ceiba Golosón International Airport LCE
0%
Columbus Rickenbacker International Airport LCK
0%
Lomé–Tokoin International Airport LFW
0%
Seattle Kenmore Air Harbor Seaplane Base LKE
0%
La Romana International Airport LRM
0%
Loreto International Airport LTO
0%
Mar del Plata Ástor Piazzolla International Airport MDQ
0%
Harrisburg International Airport MDT
0%
Managua Augusto C. Sandino International Airport MGA
0%
Mogadishu Aden Adde International Airport MGQ
0%
Marsh Harbour International Airport MHH
0%
Mérida International Airport MID
0%
Monastir Habib Bourguiba International Airport MIR
0%
Mitiga International Airport MJI
0%
Mahajanga Amborovy Airport MJN
0%
Melbourne Orlando International Airport MLB
0%
Morelia General Francisco Mujica International Airport MLM
0%
Brades John A. Osborne Airport MNI
0%
Maputo International Airport MPM
0%
Nelspruit Kruger Mpumalanga International Airport MQP
0%
Maseru Moshoeshoe I International Airport MSU
0%
Maun Airport MUB
0%
Mersa Matruh International Airport MUH
0%
Franceville M'Vengue El Hadj Omar Bongo Ondimba International Airport MVB
0%
Myrtle Beach International Airport MYR
0%
Enfidha–Hammamet International Airport NBE
0%
Nouadhibou International Airport NDB
0%
Niamey Diori Hamani International Airport NIM
0%
Nouakchott–Oumtounsy International Airport NKC
0%
Ndola Simon Mwansa Kapwepwe International Airport NLA
0%
Mexico City Felipe Ángeles International Airport NLU
0%
Neuquén Presidente Perón International Airport NQN
0%
Yaoundé Nsimalen International Airport NSI
0%
Sunyani Airport NYI
0%
Norfolk International Airport ORF
0%
Bissau Osvaldo Vieira International Airport OXB
0%
Panama City Albrook "Marcos A. Gelabert" International Airport PAC
0%
Everett Paine Field PAE
0%
Puebla International Airport PBC
0%
Palm Beach International Airport PBI
0%
Newport News/Williamsburg International Airport PHF
0%
St. Pete–Clearwater International Airport PIE
0%
Blue Hills Providenciales Airport PLS
0%
Pointe-Noire Agostinho-Neto International Airport PNR
0%
Pensacola International Airport PNS
0%
Port-Gentil International Airport POG
0%
San Felipe de Puerto Plata Gregorio Luperón International Airport POP
0%
Palm Springs International Airport PSP
0%
Posadas Libertador General José de San Martín Airport PSS
0%
Polokwane International Airport PTG
0%
Punta Cana International Airport PUJ
0%
Portland International Jetport PWM
0%
Puerto Escondido International Airport PXM
0%
Port Sudan New International Airport PZU
0%
Sétif Ain Arnat Airport QSF
0%
Racine Batten International Airport RAC
0%
Raleigh–Durham International Airport RDU
0%
Trelew Almirante Marcos A. Zar Airport REL
0%
Resistencia International Airport RES
0%
Reynosa General Lucio Blanco International Airport REX
0%
Río Grande Hermes Quijada International Airport RGA
0%
Río Gallegos Piloto Civil Norberto Fernández International Airport RGL
0%
Rio Hato Scarlett Martínez International Airport RIH
0%
Santa Rosa del Conlara Valle del Conlara Airport RLO
0%
Marsa Alam International Airport RMF
0%
Monrovia Roberts International Airport ROB
0%
South Eleuthera Rock Sound International Airport RSD
0%
Rochester International Airport RST
0%
Fort Myers Southwest Florida International Airport RSW
0%
Roatán Juan Manuel Gálvez International Airport RTB
0%
Arua Airport RUA
0%
San Pedro Sula Ramón Villeda Morales International Airport SAP
0%
San Bernardino International Airport SBD
0%
Saint Jean Gustaf III Airport SBH
0%
Sheboygan County Memorial Airport SBM
0%
Lubango Airport SDD
0%
Louisville Muhammad Ali International Airport SDF
0%
Sabha Airport SEB
0%
Kangerlussuaq Airport SFJ
0%
Manzini King Mswati III International Airport SHO
0%
San Jose International Airport SJC
0%
Basseterre Robert L. Bradshaw International Airport SKB
0%
St. Catherine International Airport SKV
0%
Saltillo Airport SLW
0%
Sacramento International Airport SMF
0%
Santa Clara Abel Santamaría Airport SNU
0%
Cairo Sphinx International Airport SPX
0%
Sarasota–Bradenton International Airport SRQ
0%
Malabo International Airport SSG
0%
Santiago de los Caballeros Cibao International Airport STI
0%
Kingstown Argyle International Airport SVD
0%
Newburgh Stewart International Airport SWF
0%
Philipsburg Princess Juliana International Airport SXM
0%
Tabarka–Aïn Draham International Airport TBJ
0%
Taba International Airport TCB
0%
Tegucigalpa Toncontín International Airport TGU
0%
Tuxtla Gutiérrez International Airport TGZ
0%
Takoradi Airport TKD
0%
Toluca International Airport TLC
0%
Tlemcen Zenata – Messali El Hadj Airport TLM
0%
Tamale Airport TML
0%
Toamasina Airport TMM
0%
São Tomé International Airport TMS
0%
Tozeur–Nefta International Airport TOE
0%
Tulum International Airport TQO
0%
Torreón International Airport TRC
0%
Tetouan Sania Ramel Airport TTU
0%
Tucson International Airport TUS
0%
Knoxville McGhee Tyson Airport TYS
0%
Narsarsuaq Airport UAK
0%
Gulu Airport ULU
0%
Uruapan International Airport UPN
0%
Vieux Fort Quarter Hewanorra International Airport UVF
0%
Vilankulo Airport VNX
0%
Varadero Juan Gualberto Gómez Airport VRA
0%
Villahermosa International Airport VSA
0%
São Vicente Cesária Évora Airport VXE
0%
Walvis Bay Airport WVB
0%
Wa Airport WZA
0%
Comayagua International Airport XLP
0%
Fredericton International Airport YFC
0%
Kitchener Region of Waterloo International Airport YFK
0%
John C. Munro Hamilton International Airport YHM
0%
Windsor International Airport YQG
0%
Greater Moncton Roméo LeBlanc International Airport YQM
0%
Regina International Airport YQR
0%
Thunder Bay International Airport YQT
0%
Gander International Airport YQX
0%
Toronto Billy Bishop Toronto City Airport YTZ
0%
London International Airport YXU
0%
Abbotsford International Airport YXX
0%
Erik Nielsen Whitehorse International Airport YXY
0%
Victoria International Airport YYJ
0%
St. John's International Airport YYT
0%
Zacatecas International Airport ZCL
0%
Ixtapa-Zihuatanejo International Airport ZIH
0%
Manzanillo Playa de Oro International Airport ZLO
0%
Unguja, Zanzibar Abeid Amani Karume International Airport ZNZ
0%
No matching quizzes found
Score Distribution
Percent of People with Each Score
Percentile by Number Answered
Your Score History
You have not taken this quiz